000
00336nam a2200133Ia 4500
008
230328s9999 xx 000 0 und d
020
_a
9789382951391
082
_a
378.41
_b
ANA-H
100
_a
ANANDAKRISHNAN.M
245
0
_a
HIGHER EDUCATION AT THE CROSSROADS
260
_a
NOIDA COMPUS
_b
INDIAN SOCIETY
300
_a
716
942
_c
BK
999
_c
41718
_d
41718